00828nam a2200205 a 450000100100000000500170001000800410002702000180006804000250008604100140011124500930012524600880021826000330030630000290033950000210036853400840038971000260047395201060049999900170060500002645420200930030231.0110318s2011 sp 000 0 spa d a9788475552484 aDO-SdBNPbspacBNPHU17aspa.heng00aFerri, consultor clínico de medicina interna :bclaves diagnósticas y tratamiento /.14aFerri consultor clínico de medicina interna:bclaves diagnósticas y tratamiento aEspaña :bOcéano,c2011. a1437 p. :bil. ;c26 cm. aIncluye índice atítulo original :bFerri's clinical advisor : instant diagnosis and treatment2 aFerri, Fred F.953513 0010507-18MOaGRbGRcOId2011-03-18iLF1l0o p26454-10r2020-06-25w2020-06-25y1ZNo se presta c25946d25946